| 000 | 00707nam a2200181 a 4500 | ||
|---|---|---|---|
| 001 | 000039129 | ||
| 005 | 20240301125231.0 | ||
| 008 | 130527s1980 dr 000 0 spa d | ||
| 040 |
_aDO-SdBNP _bspa _cBNPHU |
||
| 100 | 1 |
_aOsorio López, Luisa _965332 |
|
| 245 | 1 | 0 |
_aPsicología comunitaria en dominicana : _bprogramas estatales / _cLuisa Osorio López, cristina Acosta Sosa, Dagoberto Tejada Ortiz. |
| 260 |
_aSanto Domingo : _bSecretaría de Estado de Salud Pública y Asistencia Social, _c1980. |
||
| 300 |
_a74 [4] p. ; _c22 cm. |
||
| 490 | 1 |
_aSESPAS _asalud y comunidad |
|
| 700 | 1 |
_aAcosta Sosa, Cristina _965333 |
|
| 700 | 1 |
_aTejada Ortiz, Dagoberto, _d1940- _933526 |
|
| 830 | 0 |
_asalud y comunidad _965334 |
|
| 999 |
_c38619 _d38619 |
||